Kendrick Lamar Songs - Sudden Death #2 - Statistics

General Stats
  • This quiz has been taken 1,436 times
  • The average score is 8 of 10
Answers on the Grid
Answers color-coded by a green-red scale on the quiz's grid according to % correct below.
Money Trees
Blood on the Leaves
Rigamortus
DNA.
93 ’til Infinity
Poland
Many Men (Wish Death)
Purple Hearts
Wesley's Theory
Untitled 07 | Levitate
Hard in da Paint
White America
Mortal Man
Fix Up, Look Sharp
N95
BALD!
XXX.
Get Up 2 Come Down
tv off
Prototype
 
Answer Stats
Answer % Correct
Money Trees
98%
DNA.
96%
tv off
91%
N95
83%
Wesley's Theory
82%
XXX.
80%
Untitled 07 | Levitate
76%
Mortal Man
73%
Rigamortus
73%
Purple Hearts
70%
No matching quizzes found
Score Distribution
Percent of People with Each Score
Percentile by Number Answered
Your Score History
You have not taken this quiz